000 01211 a2200229 4500
003 Nust
005 20170207152623.0
010 _a 92010002
020 _a0023596511
040 _cNust
082 0 0 _a005.265
100 1 _aIrvine, Kip R.,
245 1 0 _aAssembly language for the IBM-PC
_cKip R. Irvine.
250 _a ed.
260 _aNew York :
_bMacmillan ;
_aToronto :
_bMaxwell Macmillan Canada ;
_aNew York :
_bMaxwell Macmillan International,
_cc1993.
300 _axxii, 623 p. :
_bill. ;
_c25 cm. +
_e1 computer disk (3 1/2 in.)
500 _aIncludes index.
500 _aSystem requirements for computer disk: IBM PC; DOS.
505 _a Introduction (Page-1) Hardware and Software Architecture (Page-22) Assembly Language Fundamentals (Page-46) The Macro Assembler (Page-76) Input-Output Services (Page-106) Conditional Processing (Page-141) Numeric Conversions and Libraries (Page-208) String Processing (Page-251) Macro and Structures (Page-285) Disk Storage (Page-327) File Processing (Page-373) High-Level Linking (Page-412) Advanced Topics I (Page-444) Advanced Topics II (Page-477)
650 0 _aAssembler language (Computer program language)
650 0 _aIBM Personal Computer
_xProgramming.
942 _2ddc
_cBK
999 _c177258
_d177258